000 00702nam a2200253Ia 4500
003 OSt
005 20220926014836.0
006 a|||||r|||| 00| 0
007 ta
008 220923b |||||||| |||| 00| 0 eng d
037 _cGeneral Book
040 _aRTL
_cRTL
_beng
041 _2eng
_aeng
082 _aW691.41.N7, L5
100 _aGoldwasser Janet
245 0 _aHuan-Ying
_b Workers China
260 _aNew York
_bMonthly Review Press
_c1975
300 _a404p
_ccm.
500 _aAppendix: P 395-404
650 _aCommunism
_929280
700 _a Dowty Stuart
942 _hW691.41.N7, L5
_cGB
_2CC
999 _c629989
_d629989